UBT Library

Criminology Today (Record no. 1414)

000 -LEADER
fixed length control field 00283nam a22001217a 4500
008 - FIXED-LENGTH DATA ELEMENTS--GENERAL INFORMATION
fixed length control field 160209b xxu||||| |||| 00| 0 eng d
020 ## - INTERNATIONAL STANDARD BOOK NUMBER
International Standard Book Number 9780135130315
020 ## - INTERNATIONAL STANDARD BOOK NUMBER
International Standard Book Number 013513031x
041 ## - LANGUAGE CODE
Language code of text/sound track or separate title eng
080 ## - UNIVERSAL DECIMAL CLASSIFICATION NUMBER
Universal Decimal Classification number 343.98
245 ## - TITLE STATEMENT
Title Criminology Today
Statement of responsibility, etc Frank Schmalleger
942 ## - ADDED ENTRY ELEMENTS (KOHA)
Source of classification or shelving scheme
Item type Books
Holdings
Withdrawn status Lost status Source of classification or shelving scheme Damaged status Not for loan Collection code Permanent location Current location Shelving location Date acquired Total Checkouts Full call number Barcode Date last seen Price effective from Koha item type
          Koleksioni i përgjithshem UBT - Lipjan UBT - Lipjan Koleksioni i përgjithshem 05/02/2017   343.9 SCH 002-283597 09/20/2018 05/02/2017 Books
          Koleksioni i përgjithshem UBT - Lipjan UBT - Lipjan Koleksioni i përgjithshem 09/20/2018   343.9 SCH 002-3012522 09/20/2018 09/20/2018 Books
UBT Library © 2015-2024. All rights reserved University Education for Business and Technology